000 00493nam a2200181Ia 4500
008 100917s9999 xx 000 0 und d
082 _b54181
100 _aहसमनीस द. का.
245 _aनामदार
260 _bगुलमोहर पब्लिकेशन
_c1982
300 _a151
365 _b20
520 _aकादंबरी
630 _aनामदार
650 _aकादंबरी
730 _aनामदार
942 _cBOOK
999 _c659575
_d659572